Central Library OPAC University of Rajshahi

The truths of spiritual studies, clairvoyance : (Record no. 29970)

MARC details
000 -LEADER
fixed length control field 00655nam a22002057a 4500
001 - CONTROL NUMBER
control field 29970
003 - CONTROL NUMBER IDENTIFIER
rucl marc code BD-RjUL
005 - DATE AND TIME OF LATEST TRANSACTION
control field 20211209051505.0
008 - FIXED-LENGTH DATA ELEMENTS--GENERAL INFORMATION
fixed length control field 140408s1958 xx aco | |||| 000 0 eng d
035 ## - SYSTEM CONTROL NUMBER
System control number (BD-RjUL)30055
040 ## - CATALOGING SOURCE
Original cataloging agency BD-RjUL
Language of cataloging eng
Transcribing agency BD-RjUL
041 ## - LANGUAGE CODE
Language code of text/sound track or separate title eng
082 04 - DEWEY DECIMAL CLASSIFICATION NUMBER
Classification number 133.8
Author mark and year SHT [1958]
100 1# - MAIN ENTRY--PERSONAL NAME
Personal name Shu, Heng Shan.
9 (RLIN) 91195
245 ## - TITLE STATEMENT
Title The truths of spiritual studies, clairvoyance :
Remainder of title the great way, delivering the truth /
Statement of responsibility, etc. Shu Heng Shan ; translated by Fan Wing Kong.
260 ## - PUBLICATION, DISTRIBUTION, ETC. (IMPRINT)
Place of publication, distribution, etc. S.l. :
Name of publisher, distributor, etc. s.n.,
Date of publication, distribution, etc. [1958]
300 ## - PHYSICAL DESCRIPTION
Pagination 155 p., [6] p. of plates :
Illustrations col. ill. ;
Size 22 cm.
650 #7 - SUBJECT ADDED ENTRY--TOPICAL TERM
Topical term or geographic name as entry element Clairvoyance.
9 (RLIN) 91196
942 ## - ADDED ENTRY ELEMENTS (KOHA)
Source of classification or shelving scheme Dewey Decimal Classification
Koha item type Books
Holdings
Lost status Source of classification or shelving scheme Damaged status Not for loan Permanent Location Current Location Shelving location Date acquired Source of acquisition Cost, normal purchase price Total Checkouts Full call number Date last seen Copy number Koha item type
  Dewey Decimal Classification   Added to bundle Central Library, University of Rajshahi Central Library, University of Rajshahi Reading Room 29/10/1989 paramount book cor. 0.00   133.8 SHT [1958] 08/04/2014 C-1 Books